PR-SOF-1534-DESIGN AND DEPLOYMENT OF WEATHER BALLOON WITH DATA ACQUISITION (Record no. 577673)

000 -LEADER
fixed length control field 00397nam a22001217a 4500
082 ## - DEWEY DECIMAL CLASSIFICATION NUMBER
Classification number PRO 220
100 ## - MAIN ENTRY--PERSONAL NAME
Personal name NS SHAKIR HANIF NS JUNAID ALI ASSISTANT
9 (RLIN) 70822
245 ## - TITLE STATEMENT
Title PR-SOF-1534-DESIGN AND DEPLOYMENT OF WEATHER BALLOON WITH DATA ACQUISITION
260 ## - PUBLICATION, DISTRIBUTION, ETC.
Place of publication, distribution, etc. ISLAMABAD
Name of publisher, distributor, etc. NUST COLLEGE OF EME
Date of publication, distribution, etc. 2016
650 ## - SUBJECT ADDED ENTRY--TOPICAL TERM
Topical term or geographic name entry element DE-MECH-34
700 ## - ADDED ENTRY--PERSONAL NAME
Personal name SUPERVISOR PROFESSOR SAHEEB A. KAYANI
9 (RLIN) 70823
942 ## - ADDED ENTRY ELEMENTS (KOHA)
Koha item type Continuing Resources
Holdings
Withdrawn status Lost status Damaged status Not for loan Permanent Location Current Location Shelving location Date acquired Total Checkouts Full call number Barcode Date last seen Price effective from Koha item type
        College of Electrical & Mechanical Engineering (CEME) College of Electrical & Mechanical Engineering (CEME) Reference 11/29/2019   PRO 220 PR-SOF-1534 06/28/2021 06/28/2021 Continuing Resources
© 2023 Central Library, National University of Sciences and Technology. All Rights Reserved.